000 00593nam a22002177a 4500
001 00028886
005 20260424124034.0
008 260424b ag ||||| |||| 00| 0 spa d
020 _a8441308853
040 _aAR-CcCEOS
_bspa
_cAR-CcCEOS
041 _aspa
080 _a94:7(4)
090 _bBER v.2
100 1 _aBernier, Olivier
_91120
245 _aLos príncipes del renacimiento :
_bVolumen II /
_cOlivier Bernier
264 _aBarcelona :
_bFolio,
_c1998.
300 _a176 p. ;
_c24x18 cm.
490 _vAtlas culturales del mundo
655 0 _aarte
_9138
942 _2udc
_cBK
_n0
999 _c28928
_d28928